000 00332 a2200109 4500
001 ART_30488
005 20260410162003.0
008 260409a
245 1 0 _aMéxico: crisis y apertura del sistema político
100 1 _aEmmerich, Gustavo Ernesto
773 0 _tForo político
_g- Vol. XVII (ago. 1996)
_wREV30389
999 _c31460
_d31460